000 00642nam a2200217Ia 4500
008 101110s9999 xx 000 0 und d
041 _aENGLISH
082 _bSR29632
100 _aVenkatesh Parvathi and Shukla S.
245 _aIntroduction to managerial economics-II S.Y. BMS 3rd semester
260 _c2003
_bSheth pub.pvt.ltd.,Mumbai
300 _a194
365 _b70
520 _aB.M.S.
546 _aENGLISH
630 _aIntroduction to managerial economics-II S.Y. BMS 3rd semester
650 _aB.M.S.
655 _aB.M.S.
730 _aIntroduction to managerial economics-II S.Y. BMS 3rd semester
942 _cBOOK
999 _c822140
_d822137